000
00283nam a22001337a 4500
020
_a
1-86509-484-6
082
_a
823
_b
DAL/M
100
_a
DALGLEISH, SHARON
245
_a
ITS A MYSTERY
260
_a
UK
_b
SCHOLASTIC
300
_a
32
650
_a
ENGLISH SHORT STORY
_z
UK
942
_c
BK
999
_c
3551
_d
3551